Biblioteca

Por quién doblan las campanas / Ernest Hemingway ; Lola de Aguado, Traductor (Registro nro. 43122)

Detalles MARC
000 -LÍDER
Campo fijo de descripción fija 003840000a22001450004500
020 ## - NÚMERO INTERNACIONAL NORMALIZADO PARA LIBROS
Número Internacional Normalizado del libro 84-226-1037-X
041 0# - CÓDIGO DE IDIOMA
Código de idioma para texto/pista de sonido o título separado
082 04 - NÚMERO DE CLASIFICACIÓN DECIMAL DEWEY
Número de clasificación G 813 H488p
001 - NÚMERO DE CONTROL
Campo de control 14227
100 1# - ASIENTO PRINCIPAL--NOMBRE PERSONAL
Nombre personal Hemingway, Ernest (1899-1961)
245 10 - TÍTULO
Título del Material Por quién doblan las campanas / Ernest Hemingway ; Lola de Aguado, Traductor
260 ## - PUBLICACIÓN, DISTRIBUCIÓN, ETC. (PIE DE IMPRENTA)
Lugar de publicación, distribución, etc. España : Círculo de Lectores
300 ## - DESCRIPCIÓN FÍSICA
Extensión 550 Pág.
942 ## - TIPO DE MATERIAL (KOHA)
Tipo de Item KOHA Libros General
Existencias
Estado de Material Estado de Perdido Estado de Dañado No para Préstamo Colección Tomo Biblioteca de Origen Biblioteca Permanente Fecha de Adquisición Total de Préstamos Signatura Topográfica Código de Barras Última vez visto Última vez Préstado Ejemplar/Existencia Fecha de Remplazo Tipo de Material
        Colección General   Biblioteca FUSBC Biblioteca FUSBC 20/03/2007 1 G 813 H488p 11848 12/12/2019 02/04/2019 1 26/01/2016 Libros General

Biblioteca FUSBC | Teléfono: (57+4) 349 88 10 Ext. 141| WhatsApp (+57) 3005338115 
E-mail: biblioteca@unisbc.edu.co | Calle 76 87-14 Robledo Palenque, Medellín, Colombia

Con tecnología Koha